El delirio en la clínica francesa / (Registro nro. 3390)

Detalles MARC
000 -CABECERA
campo de control de longitud fija 01497nam a22003015b 4500
001 - NÚMERO DE CONTROL
campo de control bimo0000414298
003 - IDENTIFICADOR DEL NÚMERO DE CONTROL
campo de control AR-RoIUNI
005 - FECHA Y HORA DE LA ÚLTIMA TRANSACCIÓN
campo de control 20241122062759.0
007 - CAMPO FIJO DE DESCRIPCIÓN FÍSICA--INFORMACIÓN GENERAL
campo de control de longitud fija ta
008 - DATOS DE LONGITUD FIJA--INFORMACIÓN GENERAL
campo de control de longitud fija 940926s1994 sp | r |||| ||spa d
016 7# - NÚMERO DE CONTROL DE UNA AGENCIA BIBLIOGRÁFICA NACIONAL
Número de control del registro bimoBNE19940249735
Fuente SpMaBN
017 ## - NÚMERO DE COPYRIGHT O DE DEPÓSITO LEGAL
Número de copyright o de depósito legal M 9928-1994
Agencia que asigna Oficina Depósito Legal Madrid
020 ## - NÚMERO INTERNACIONAL ESTÁNDAR DEL LIBRO
Número Internacional Estándar del Libro 848771207X
035 ## - NÚMERO DE CONTROL DEL SISTEMA
Número de control de sistema (OCoLC)434258901
040 ## - FUENTE DE LA CATALOGACIÓN
Centro catalogador/agencia de origen SpMaBN
Centro/agencia transcriptor AR-RoIUNI
080 ## - NÚMERO DE LA CLASIFICACIÓN DECIMAL UNIVERSAL
Número de la Clasificación Decimal Universal 159.96
245 13 - MENCIÓN DE TÍTULO
Título El delirio en la clínica francesa /
Mención de responsabilidad, etc. Ballet ... [et al.] ; prólogo, Fernando Colina Pérez ; introducción, traducción y notas, José Mª. Álvarez Martínez.
260 ## - PUBLICACIÓN, DISTRIBUCIÓN, ETC. (PIE DE IMPRENTA)
Lugar de publicación, distribución, etc. Madrid :
Nombre del editor, distribuidor, etc. DORSA,
Fecha de publicación, distribución, etc. 1994.
300 ## - DESCRIPCIÓN FÍSICA
Extensión 300 p. ;
Dimensiones 21 cm.
490 0# - MENCIÓN DE SERIE
Mención de serie Clásicos de la psiquiatría
505 1# - NOTA DE CONTENIDO CON FORMATO
Nota de contenido con formato Introducción: una historia del delirio en la clínica francesa / José María Alvarez Martínez -- Del delirio de persecuciones / de Charles Lasègue -- La folie a deux / de Charles Lasègue y Jules Falret -- Delirio crónico de evolución sistemática / de Valentín Magnan y Paul Sérieux -- Las alucinaciones verbales en clínica mental / de Jules Séglas -- La psicosis alucinatoria crónica / de Gilbert L. Ballet -- Delirios pasionales: erotomanía. Reivindicación. Celos / de Gaëtan Gatian de Clérambault -- Automatismo mental y escisión del yo / de Gaëtan Gatian de Clérambault.
650 #4 - PUNTO DE ACCESO ADICIONAL DE MATERIA--TÉRMINO DE MATERIA
Término de materia o nombre geográfico como elemento inicial PSICOLOGÍA
9 (RLIN) 108
650 #4 - PUNTO DE ACCESO ADICIONAL DE MATERIA--TÉRMINO DE MATERIA
Término de materia o nombre geográfico como elemento inicial PSIQUIATRÍA
9 (RLIN) 237
650 #4 - PUNTO DE ACCESO ADICIONAL DE MATERIA--TÉRMINO DE MATERIA
Término de materia o nombre geográfico como elemento inicial FRANCIA
650 #0 - PUNTO DE ACCESO ADICIONAL DE MATERIA--TÉRMINO DE MATERIA
Término de materia o nombre geográfico como elemento inicial Historia
9 (RLIN) 65
700 1# - PUNTO DE ACCESO ADICIONAL--NOMBRE DE PERSONA
Nombre de persona Ballet, Gilbert
942 ## - ELEMENTOS DE PUNTO DE ACCESO ADICIONAL (KOHA)
Fuente del sistema de clasificación o colocación Clasificación Decimal Universal
Tipo de ítem Koha Libros
Existencias
Estado de retiro Estado de pérdida Fuente del sistema de clasificación o colocación Estado dañado Excepción de préstamo Código de colección Localización permanente Ubicación/localización actual Ubicación en estantería Fecha de adquisición Número de inventario Total de préstamos Renovaciones totales Signatura topográfica completa Código de barras Fecha visto por última vez Fecha del último préstamo Número de copia Precio válido a partir de Tipo de ítem Koha Nota pública
    Clasificación Decimal Universal     Psicología BIBLIOTECA RIOBAMBA BIBLIOTECA RIOBAMBA BIBLIOTECA RIOBAMBA 22/08/2016 3487 2 2 159.96 DEL 3487 21/04/2025 01/04/2025 1 13/10/2016 Libros Donación Pablo Zöpke